Modyfikacje funkcji i znaczeń budowli sakralnych w późnośredniowiecznych miastach śląskich
| Titel: | Modyfikacje funkcji i znaczeń budowli sakralnych w późnośredniowiecznych miastach śląskich |
|---|---|
| Verfasser: | |
| In: |
Ecclesia et civitas, (2002), Seite 63-79 alle Artikel anzeigen |
| Veröffentlicht: | 2002 |
| Format: | Aufsatz |
| Sprache: | Polnisch |
X
alg: 39380180 001A $01999:12-11-16 001B $01999:28-05-21 $t19:20:14.000 001D $01999:12-11-16 001U $0utf8 001X $00 002@ $0Aox 003@ $0393801802 007A $0393801802 $aHEB 007T $0Herdk22544 010@ $apol 011@ $a2002 021A $aModyfikacje funkcji i znaczeń budowli sakralnych w późnośredniowiecznych miastach śląskich 027A $aModifikation der Funktion und Bedeutung der Sakralbauten in den spätmittelalterlichen schlesischen Städten 028A $7121958108 $8Czechowicz, Bogusław$Z1967- [Tp1] $9153232773 031A $h63-79 $j2002 039B $aIn $8--Aau--. Ecclesia et civitas. - Warszawa : Inst. Historii Polskiej Akad. Nauk, 2002. - 534 S.. - Ill.. - ISBN 83-86301-98-8 $x200200000000000937 $9115177019 045F $a709.4385 $eDDC23BSB 045F/01 $a709 045F/03 $g4385 046C $aModifikation der Funktion und Bedeutung der Sakralbauten in den spätmittelalterlichen schlesischen Städten $bÜbers. des Hauptsacht. lok: 39380180 78 exp: 39380180 78 1 #EPN 201B/01 $018-11-16 $t09:48:37.000 201U/01 $0utf8 203@/01 $0789912309 208@/01 $a12-11-16 $be 209A/01 $a/ $f000 $x00 220C/01 $aTitelaufnehmer: pbb 220C/01 $aHerkunft: IH UWrIH PAN/PBB Kraków 244Z/01 $2Trx $#Silesia $#Śląsk $#Sliezsko $#Slezsko $8--Trx--Schlesien $x01 $9391173987 244Z/01 $aGeschichte 1200-1500 $x02 244Z/01 $2Trx $#arhitektuur, sakraalne $#sakralinė architektūra $#Architecture, sacral $#építészet, szakrális $#architektura sakralna $#architektúra, sakrálna $#architektura sakrální $#Kirchenbau $#stavba kostolov $8--Trx--Architektur, sakrale $x03 $9391375059 244Z/01 $2Trx $#kirik, Rooma-Katoliku $#bažnyčia, Romos katalikų $#Church, Roman-Catholic $#Római katolikus templom $#kościół rzymskokatolicki $#cirkev rímsko-katolícka $#církev římsko-katolická $8--Trx--Kirche, römisch-katholische $x04 $9391382845 244Z/01 $2Trx $8--Trx--Einzelbeiträge $x05 $9391384570 245Z/01 $a11.11 $x01 247C/01 $82080>Marburg/Lahn, Herder-Institut, Forschungsbibliothek, Bibliographieportal $9336309341
| LEADER | 00000caa a22000002c 4500 | ||
|---|---|---|---|
| 001 | 393801802 | ||
| 003 | DE-603 | ||
| 005 | 20210528192014.0 | ||
| 007 | tu | ||
| 008 | 161112s2002 xx |||| | u00||u|pol c | ||
| 035 | |a (DE-599)HEB393801802 | ||
| 040 | |a DE-603 |b ger |c DE-603 |d DE-603 | ||
| 041 | |a pol | ||
| 082 | 0 | 4 | |8 1\u |a 709.4385 |q DE-101 |2 23/BSB |
| 085 | |8 1\u |b 709 | ||
| 085 | |8 1\u |z 2 |s 4385 | ||
| 100 | 1 | |a Czechowicz, Bogusław |d 1967- |0 (DE-603)153232773 |0 (DE-588)121958108 |2 gnd | |
| 245 | 0 | 0 | |a Modyfikacje funkcji i znaczeń budowli sakralnych w późnośredniowiecznych miastach śląskich |
| 246 | 1 | |i Übers. des Hauptsacht. |a Modifikation der Funktion und Bedeutung der Sakralbauten in den spätmittelalterlichen schlesischen Städten | |
| 246 | 1 | 3 | |a Modifikation der Funktion und Bedeutung der Sakralbauten in den spätmittelalterlichen schlesischen Städten |
| 264 | 0 | |c 2002 | |
| 773 | 0 | 8 | |i In |t Ecclesia et civitas |d Warszawa : Inst. Historii Polskiej Akad. Nauk, 2002 |h 534 S., Ill. |z 8386301988 |g (2002), Seite 63-79 |w (DE-603)115177019 |
| 924 | 0 | |9 2080 |a (DE-603)789912309 |b DE-2080 |c HES |d d |g / | |


